<?xml version="1.0" encoding="UTF-8"?>
<record
    xmlns:xsi="http://www.w3.org/2001/XMLSchema-instance"
    xsi:schemaLocation="http://www.loc.gov/MARC21/slim http://www.loc.gov/standards/marcxml/schema/MARC21slim.xsd"
    xmlns="http://www.loc.gov/MARC21/slim">

  <leader>00293nam a22001217a 4500</leader>
  <controlfield tag="005">20241211154800.0</controlfield>
  <controlfield tag="008">241211b        |||||||| |||| 00| 0 eng d</controlfield>
  <datafield tag="020" ind1=" " ind2=" ">
    <subfield code="a">9783438052193</subfield>
  </datafield>
  <datafield tag="050" ind1=" " ind2=" ">
    <subfield code="a">BS 421 BIB</subfield>
    <subfield code="b">1</subfield>
  </datafield>
  <datafield tag="245" ind1=" " ind2=" ">
    <subfield code="a">Biblia Hebraica:</subfield>
    <subfield code="b">Stuttgartensia</subfield>
  </datafield>
  <datafield tag="300" ind1=" " ind2=" ">
    <subfield code="a">xlvi,</subfield>
  </datafield>
  <datafield tag="942" ind1=" " ind2=" ">
    <subfield code="2">lcc</subfield>
    <subfield code="c">BK</subfield>
    <subfield code="n">0</subfield>
  </datafield>
  <datafield tag="999" ind1=" " ind2=" ">
    <subfield code="c">2068</subfield>
    <subfield code="d">2068</subfield>
  </datafield>
  <datafield tag="952" ind1=" " ind2=" ">
    <subfield code="0">0</subfield>
    <subfield code="1">0</subfield>
    <subfield code="2">lcc</subfield>
    <subfield code="4">0</subfield>
    <subfield code="7">0</subfield>
    <subfield code="8">NFIC</subfield>
    <subfield code="a">CTGL</subfield>
    <subfield code="b">CTGL</subfield>
    <subfield code="c">REF</subfield>
    <subfield code="d">2024-12-11</subfield>
    <subfield code="l">0</subfield>
    <subfield code="o">BS 421 BIB</subfield>
    <subfield code="p">GSCT00000240</subfield>
    <subfield code="r">2024-12-11 15:51:02</subfield>
    <subfield code="t">1</subfield>
    <subfield code="w">2024-12-11</subfield>
    <subfield code="y">BK</subfield>
  </datafield>
  <datafield tag="952" ind1=" " ind2=" ">
    <subfield code="0">0</subfield>
    <subfield code="1">0</subfield>
    <subfield code="2">lcc</subfield>
    <subfield code="4">0</subfield>
    <subfield code="7">0</subfield>
    <subfield code="8">REF</subfield>
    <subfield code="a">CUL1</subfield>
    <subfield code="b">CUL1</subfield>
    <subfield code="c">GEN</subfield>
    <subfield code="d">2025-08-09</subfield>
    <subfield code="l">0</subfield>
    <subfield code="o">REF BS421 BIB</subfield>
    <subfield code="p">ulct00004306</subfield>
    <subfield code="r">2025-08-09 12:02:54</subfield>
    <subfield code="t">1</subfield>
    <subfield code="w">2025-08-09</subfield>
    <subfield code="y">BK</subfield>
  </datafield>
  <datafield tag="952" ind1=" " ind2=" ">
    <subfield code="0">0</subfield>
    <subfield code="1">0</subfield>
    <subfield code="2">lcc</subfield>
    <subfield code="4">0</subfield>
    <subfield code="7">0</subfield>
    <subfield code="8">REF</subfield>
    <subfield code="a">CUL1</subfield>
    <subfield code="b">CUL1</subfield>
    <subfield code="c">GEN</subfield>
    <subfield code="d">2025-08-09</subfield>
    <subfield code="l">0</subfield>
    <subfield code="o">REF BS421 BIB</subfield>
    <subfield code="p">ulct00004307</subfield>
    <subfield code="r">2025-08-09 12:02:54</subfield>
    <subfield code="t">2</subfield>
    <subfield code="w">2025-08-09</subfield>
    <subfield code="y">BK</subfield>
  </datafield>
  <datafield tag="952" ind1=" " ind2=" ">
    <subfield code="0">0</subfield>
    <subfield code="1">0</subfield>
    <subfield code="2">lcc</subfield>
    <subfield code="4">0</subfield>
    <subfield code="7">0</subfield>
    <subfield code="8">NFIC</subfield>
    <subfield code="a">MBL</subfield>
    <subfield code="b">MBL</subfield>
    <subfield code="c">GEN</subfield>
    <subfield code="d">2026-03-04</subfield>
    <subfield code="l">0</subfield>
    <subfield code="o">BS421 BIB</subfield>
    <subfield code="p">BSSM00002353</subfield>
    <subfield code="r">2026-03-04 08:32:21</subfield>
    <subfield code="t">1</subfield>
    <subfield code="w">2026-03-04</subfield>
    <subfield code="y">BK</subfield>
  </datafield>
  <datafield tag="952" ind1=" " ind2=" ">
    <subfield code="0">0</subfield>
    <subfield code="1">0</subfield>
    <subfield code="2">lcc</subfield>
    <subfield code="4">0</subfield>
    <subfield code="7">0</subfield>
    <subfield code="8">NFIC</subfield>
    <subfield code="a">MBL</subfield>
    <subfield code="b">MBL</subfield>
    <subfield code="c">GEN</subfield>
    <subfield code="d">2026-03-04</subfield>
    <subfield code="l">0</subfield>
    <subfield code="o">BS421 BIB</subfield>
    <subfield code="p">BSSM00002354</subfield>
    <subfield code="r">2026-03-04 08:32:21</subfield>
    <subfield code="t">2</subfield>
    <subfield code="w">2026-03-04</subfield>
    <subfield code="y">BK</subfield>
  </datafield>
  <datafield tag="952" ind1=" " ind2=" ">
    <subfield code="0">0</subfield>
    <subfield code="1">0</subfield>
    <subfield code="2">lcc</subfield>
    <subfield code="4">0</subfield>
    <subfield code="7">0</subfield>
    <subfield code="8">REF</subfield>
    <subfield code="a">KML</subfield>
    <subfield code="b">KML</subfield>
    <subfield code="c">GEN</subfield>
    <subfield code="d">2026-04-21</subfield>
    <subfield code="l">0</subfield>
    <subfield code="o">BS421 BIB</subfield>
    <subfield code="p">bssk00000071</subfield>
    <subfield code="r">2026-04-21 11:18:48</subfield>
    <subfield code="t">6</subfield>
    <subfield code="w">2026-04-21</subfield>
    <subfield code="y">BK</subfield>
  </datafield>
</record>
